Na Orave sa prebudil ľubovniansky kanonier

Bibliographic Details
Main Authors: Glovičko, Jaroslav (Author), Fenčák, Ján (Author, Photographer)
Format: Article
Language:Slovak
PhysicalDescription:Fotogr.
ISSN:1335-7573
Subjects:

MARC

LEADER 00000nab a2200000 ar4500
001 vtls008955888
003 SK-MaSNL
005 20260303070352.0
008 171110c20060821xo dr|n|||||||000 b|slo
015 |a SLLK2006  |2 sllk 
038 |a SLLK 
040 |a SLLK  |b slo  |c sllk  |e AACR2 
041 0 |a slo 
044 |a xo  |c SK 
080 |a 796.332  |2 1997 
100 1 |a Glovičko, Jaroslav  |4 aut  |9 877427 
245 1 0 |a Na Orave sa prebudil ľubovniansky kanonier  |c Jaroslav Glovičko ; foto: Ján Fenčák 
300 |b Fotogr. 
610 2 7 |a Mestský futbalový klub Stará Ľubovňa  |2 snkbucl  |9 1031864 
648 7 |a 2006  |2 snkbucl  |9 313148 
650 0 7 |a šport  |2 snkbucl  |9 1042 
650 0 7 |a futbal  |x 2. liga Východ  |x muži  |y sezóna 2006/2007  |2 snkbucl  |9 1032832 
651 7 |a Stará Ľubovňa (Slovensko)  |2 snkbucl  |9 19193 
651 7 |a Dolný Kubín (Slovensko)  |2 snkbucl  |9 168992 
700 1 |a Fenčák, Ján  |4 pht  |4 aut  |9 371465 
773 0 |t Tatranský denník Korzár  |g Roč. VIII, č. 193 (21. 8.2006)  |x 1335-7573 
773 0 |i Pril.  |t Šport pre východniarov  |g s. 6 
852 |a SLLK  |b KIS3GCP 
999 |c 1755060  |d 1756990